01121cam a22003734i 4500003000900000005001700009008004100026035001900067035001900086040003300105082002100138100003300159245004100192264005800233300002800291336002100319337002500340338002300365505023600388526001000624526001000634526000900644526000900653526000900662526000900671526000900680526000900689526000900698526000800707526000800715526000800723526000800731526000800739PE-LiUPU20250731165539.0150625s r 000 0 d a(Sirsi) a32914 a(Sirsi) a32914 aPE-LiUPUbspacPE-LiUPUerda04a221.008bAB 2211 aFearghail, Fearghus,eautor.14aThe introduction to luke-acts.n126. 1aRoma :bEditrice Pontificio Instituto Biblico,c1991. a256 páginas ;c24 cm. atext2rdacontent aunmediated2rdamedia avolume2rdacarrier0 aThe literary structure of Lk 1,1-4,44. -The literary structure of Lk 5,1 -acts 28,31.-The role of Lk 1,1-4 in luke -Acts. -The Role of Lk 1,1-4 in luke-Acts. -The Role of Lk 1, 5-4, 44 in luke-Acts. -The literary form of luke-acts. aSEG44 aSEG26 aP151 aP150 aP149 aP146 aP145 aP126 aP125 aP92 aP75 aP74 aP27 aP15